Hàm số : Ôn thi tốt nghiệp THPT. Luyện thi vào đại học và cao đẳng

Sách giới thiệu các phương pháp cơ bản nhất để giải các bài toán về hàm số và được chia thành 3 chương trình bày : Đạo hàm của hàm số, tính đồng biến và nghịch biến của hàm số, các bài toán khảo sát hàm số....

Fuld beskrivelse

Đã lưu trong:
Bibliografiske detaljer
Hovedforfatter: Phan, Huy Khải
Format: Bog
Sprog:Undetermined
Udgivet: Hà Nội Giáo dục Việt Nam 2011
Fag:
Tags: Tilføj Tag
Ingen Tags, Vær først til at tagge denne postø!
Thư viện lưu trữ: Trung tâm Học liệu Trường Đại học Cần Thơ
LEADER 01040nam a2200229Ia 4500
001 CTU_183913
008 210402s9999 xx 000 0 und d
020 |c 35000 
082 |a 515.076 
082 |b Kh103 
100 |a Phan, Huy Khải 
245 0 |a Hàm số : 
245 0 |b Ôn thi tốt nghiệp THPT. Luyện thi vào đại học và cao đẳng 
245 0 |c Phan Huy Khải 
260 |a Hà Nội 
260 |b Giáo dục Việt Nam 
260 |c 2011 
520 |a Sách giới thiệu các phương pháp cơ bản nhất để giải các bài toán về hàm số và được chia thành 3 chương trình bày : Đạo hàm của hàm số, tính đồng biến và nghịch biến của hàm số, các bài toán khảo sát hàm số. 
650 |a Mathematical analysis,Toán giải tích 
650 |x Problems,exercises,etc.,Ví dụ và bài tập 
904 |i Hải 
980 |a Trung tâm Học liệu Trường Đại học Cần Thơ